00677cam a2200181Ia 4500020002100000020002100021040000800042082002600050245011900076260007800195300002600273650002400299650002200323650002500345650003800370700002800408710005900436 a9832181089 (v.1) a9832181097 (v.2) cAGF a675 MAL 2000 C142 Or.10aForests and society :bthe role of research : XXI IUFRO World Congress, 7-12 August 2000, Kuala Lumpur, Malaysia / a[S.l.] :bMalaysian XXI IUFRO World Congress Organising Committee,c2000  a3 v. :bill. ;c26 cm 0aForest conservation 0aForest management 0aForests and forestry 0aConservation of natural resources1 aKrishnapillay, Baskaran2 aInternational Union of Forestry Research Organizations